Tractatus de vera religione, studiosae sacrae theologicae juventuti in Hispaniae gymnasiis decreto regio tradi jussus / auctore Ludovico Bailly, Sacrae Facultatis Parisiensis baccalaureo theologo, divionensis ecclesiae canonico, promotore generali, necnon in Collegio theologiae professore

Detalles Bibliográficos
Autor principal: Bailly, Louis, 1730-1808
Formato: Libro
Lenguaje:Latin
Publicado: en Perpiñan : por los SS. I. Mompié y compañia, 1827.
Materias:
Colección:Banco de datos
Acervo:Seminario Conciliar de Nuestra Señora de Guadalupe Querétaro. Qro.. Biblioteca Florencio Rosas. Fondo Reservado
Descripción Física:2 t. ; 8°
Tema general:Teología dogmática
Notas:Portada tipográfica con pleca en grabado litográfico. Texto a renglón seguido con paginación en números arábigos, titulillos y signaturas. Tomo con portada y paginación propias. El t. 1 publicado en 1827 Paginación: t. 1 [3] h., VI, 400 p., [2] h. Encuadernación en piel sobre cartón con cantos marmoleados. Sello en tinta del Seminario Conciliar de Querétaro. Daños de humedad
LEADER 01260nam a22001810004500
035 |a 2284 
041 0 |a lat 
100 1 |a Bailly, Louis, 1730-1808 
245 1 0 |a Tractatus de vera religione, studiosae sacrae theologicae juventuti in Hispaniae gymnasiis decreto regio tradi jussus / auctore Ludovico Bailly, Sacrae Facultatis Parisiensis baccalaureo theologo, divionensis ecclesiae canonico, promotore generali, necnon in Collegio theologiae professore 
260 |a en Perpiñan : por los SS. I. Mompié y compañia, 1827.  
300 |a 2 t. ; 8° 
500 |a Portada tipográfica con pleca en grabado litográfico. Texto a renglón seguido con paginación en números arábigos, titulillos y signaturas. Tomo con portada y paginación propias. El t. 1 publicado en 1827 Paginación: t. 1 [3] h., VI, 400 p., [2] h. Encuadernación en piel sobre cartón con cantos marmoleados. Sello en tinta del Seminario Conciliar de Querétaro. Daños de humedad 
504 |a Al final de cada tomo está el índice de contenido  
650 1 0 |a Teología dogmática 
949 |a Fondo Reservado: t. 1 (4965) 
942 |c QUER-RES 
943 |g Seminario Conciliar de Nuestra Señora de Guadalupe Querétaro. Qro.. Biblioteca Florencio Rosas. Fondo Reservado 
999 |c 1109948  |d 1109948